Nonlinear multiobjective optimization
Sparad:
| Huvudupphovsman: | |
|---|---|
| Materialtyp: | Okänd |
| Språk: | engelska |
| Publicerad: |
Boston, MA., USA.
Springer; Kluwer Academic Publishers,
1998
|
| Ämnen: | |
| Taggar: |
Lägg till en tagg
Inga taggar, Lägg till första taggen!
|
MARC
| LEADER | 00000 a2200000 4500 | ||
|---|---|---|---|
| 003 | CL-VaPUC | ||
| 005 | 20220110132052.0 | ||
| 008 | 211119b1998 ||||| |||| 00| 0 eng d | ||
| 999 | |c 433684 |d 433682 | ||
| 020 | |a 9780792382782 | ||
| 040 | |c Pontificia Universidad Católica de Valparaíso | ||
| 082 | |a 658.403 MIE 1998 | ||
| 100 | |a Miettinen, Kaisa M. |e autora |9 593197 | ||
| 245 | |a Nonlinear multiobjective optimization | ||
| 260 | |a Boston, MA., USA. |b Springer; |b Kluwer Academic Publishers, |c 1998 | ||
| 300 | |a 298 páginas | ||
| 583 | |k Cristina María Rojas Aguilar |c 20211119 | ||
| 650 | |a Toma de decisiones con múltiples criterios |9 864756 | ||
| 650 | 0 | |a Programación no lineal |9 259385 | |
| 942 | |2 ddc |c BK | ||
| 952 | |0 0 |1 0 |2 ddc |4 0 |6 658_403000000000000_MIE_1998 |7 0 |8 A |9 579342 |a BIBING |b BIBING |d 2021-11-19 |e 74 |g 225396.00 |i 5626919 |o 658.403 MIE 1998 |p 5626919 |r 2025-01-20 |t 1 |v 225396.00 |w 2021-11-19 |y BK |k CCI | ||